Pays enclavées - Statistiques

Statistiques générales
  • Ce quiz a été pris 66 fois
  • Le résultat moyen est 9 sur 18
Answers on the Grid
Answers color-coded by a green-red scale on the quiz's grid according to % correct below.
Chine
Iran
inde
Paraguay
Kazakhstan
Russie
Soudan
Arabie Saoudite
Pologne
Suisse
Ouganda
Irak
Mali
Rwanda
Rd Congo
Zimbabwe
Ethipoie
Bolivie
Ouzbékistan
Tadjikistan
Slovaquie
Macédoine
Biélorusse
Kirghizistan
Laos
Cambodge
Djibouti
Burundi
Brunei
Burkina Faso
 
Statistiques - réponses
Réponse % Correct
Paraguay
81%
Kazakhstan
72%
Suisse
67%
Ouganda
58%
Rwanda
53%
Slovaquie
51%
Burkina Faso
49%
Kirghizistan
49%
Laos
49%
Mali
49%
Macédoine
47%
Ouzbékistan
47%
Burundi
44%
Tadjikistan
44%
Bolivie
42%
Biélorusse
40%
Zimbabwe
37%
Ethipoie
35%
Aucun quiz correspondant
Distribution des résultats
% des personnes avec chaque résultat
Percentile par nombre de réponses
Votre historique - résultats
Vous n’avez pas pris ce quiz